000 00598nam a22001817a 4500
003 OSt
005 20260422063231.0
008 260122b |||||||| |||| 00| 0 eng d
020 _a0-07-249555-3.
040 _aDWCL-Main lib
_cOC
082 _24th edition.
_aCirc. 781.66 C481r 2003
100 _aCharlton, Katherine
245 _aRock music styles :
_ba history/
_cKatherine Charlton
260 _aN. Y. :
_bMcGraw-Hill ,
_cc2003.
300 _axiii (various paging) :
_bcolored illustartion ;
_c27 cm.
650 _a1. Rock music-History and criticism.
942 _2ddc
_cBK-CIRC
_e4th ed.
_kCirc.
_n0
999 _c7712
_d7712